Les populations introduites d’animaux en France - Statistiques

Statistiques générales
  • Ce quiz a été pris 5 fois
  • Le résultat moyen est 2 sur 60
Statistiques - réponses
Hint Réponse % Correct
Animal Ragondin
75%
Animal Tortue de floride
50%
Animal Bernache du Canada
25%
Animal Bison americain
25%
Animal Daim européen
25%
Animal Écrevisse américaine
25%
Animal Bernache nonnette
0%
Animal Cacatoès soufré
0%
Animal Callopsite élégante
0%
Animal Canard à collier noir
0%
Animal Canard carolin
0%
Animal Canard mandarin
0%
Animal Capucin bec de plomb
0%
Animal Cerf axis
0%
Animal Cerf de virginie
0%
Animal Cerf sika
0%
Animal Chien viverrin
0%
Animal Colin de californie
0%
Animal Colin de virginie
0%
Animal Conure veuve
0%
Animal Cygne noire
0%
Animal Dendrocygne fauve
0%
Animal Dendrocygne veuf
0%
Animal Écrevisse turque
0%
Animal Écureuil de Pallas
0%
Animal Écureuil gris
0%
Animal Erismature rousse
0%
Animal Faisan de colchide
0%
Animal Faisan vénéré
0%
Animal Flamant du chili
0%
Animal Furet
0%
Animal Genette commune
0%
Animal Grenouille taureau
0%
Animal Hydropote
0%
Animal Ibis sacré
0%
Animal Inséparable de Fischer
0%
Animal Leiothrix jaune
0%
Animal Mouflon à manchettes
0%
Animal Muntjac de chine
0%
Animal Oie à tête barrée
0%
Animal Oie cendrée
0%
Animal Oie cygnoide
0%
Animal Ouette d’Égypte
0%
Animal Paon bleu
0%
Animal Pélican frisé
0%
Animal Pélican gris
0%
Animal Perruche à collier
0%
Animal Rat brun
0%
Animal Rat musqué
0%
Animal Rat noir
0%
Animal Raton laveur
0%
Animal Raton laveur
0%
Animal Sarcelle élégante
0%
Animal Souris grise
0%
Animal Tadorne casarca
0%
Animal Tamia de Sibérie
0%
Animal Tisserin gendarme
0%
Animal Tortue serpentine
0%
Animal Vison d’Amérique
0%
Animal Wallaby de Bennet
0%
Aucun quiz correspondant
Distribution des résultats
% des personnes avec chaque résultat
Percentile par nombre de réponses
Votre historique - résultats
Vous n’avez pas pris ce quiz